000 00477nam a2200181Ia 4500
001 14954
005 20260306164952.0
008 260306t1981||||xx |||||||||||||| ||spa||
041 _aESP
082 _a519.5
_bS79
100 _aStevenson, William J.
_eAUT
245 0 _aEstadística para administración y economía:
_bconceptos y aplicaciones
260 _c1981
300 _axiii, 585 páginas :
_c23 cm.
650 _aGEN
654 _aCMA
942 _cLIB
_dJUS
_fJUS
_2ddc
_n
999 _c14954
_d14954